Banky na Slovensku
Adresár slovenských bánk (stav k 1.6.1997). Obchodné banky so sídlom v SR, pobočky zahraničných bánk, zastúpenia zahraničných bánk v SR.
Salvato in:
| Natura: | Capitolo di libro |
|---|---|
| Lingua: | slovacco |
| Soggetti: | |
| Tags: |
Nessun Tag, puoi essere il primo ad aggiungerne!!
|
MARC
| LEADER | 00000naa a2200000 4500 | ||
|---|---|---|---|
| 001 | r026804 | ||
| 005 | 20230921081238.4 | ||
| 041 | 0 | |a slo | |
| 044 | |a SK | ||
| 245 | 1 | 0 | |a Banky na Slovensku |
| 520 | |a Adresár slovenských bánk (stav k 1.6.1997). Obchodné banky so sídlom v SR, pobočky zahraničných bánk, zastúpenia zahraničných bánk v SR. | ||
| 610 | 2 | 0 | |a banky |
| 610 | 2 | 0 | |a banky obchodné |
| 610 | 2 | 0 | |a banky zahraničné |
| 610 | 2 | 0 | |a adresáre |
| 610 | 2 | 0 | |a Slovensko |